Economic rebirth (Record no. 367913)

000 -LEADER
fixed length control field 00316cam a22001217a 4500
008 - FIXED-LENGTH DATA ELEMENTS--GENERAL INFORMATION
fixed length control field 180718b1946 xxu||||| |||| 00| 0 eng d
082 ## - DEWEY DECIMAL CLASSIFICATION NUMBER
Classification number T19 H319
100 ## - MAIN ENTRY--PERSONAL NAME
Personal name Hawtrey, R.G.
245 ## - TITLE STATEMENT
Title Economic rebirth
Statement of responsibility, etc. by R.G. Hawtrey
260 ## - PUBLICATION, DISTRIBUTION, ETC.
Place of publication, distribution, etc. London
Name of publisher, distributor, etc. Longmans
Date of publication, distribution, etc. 1946
300 ## - PHYSICAL DESCRIPTION
Extent 161p.
650 ## - SUBJECT ADDED ENTRY--TOPICAL TERM
Topical term or geographic name entry element Reconstruction (1939-51)

No items available.

Powered by Koha